Statistics for Mary Poppins by Picture

Click here to take the quiz!

General Stats

  • This quiz has been taken 148 times
  • The average score is 9 of 15

Answer Stats

Answer% Correct
Dick Van Dyke
90%
London
89%
George Banks
86%
Parrot
85%
A Spoonful of Sugar
81%
Julie Andrews
81%
Chimney Sweep
75%
Walt Disney
69%
St. Paul's Cathedral
63%
Lin-Manuel Miranda
51%
P.L. Travers
50%
{Sherman} Brothers
30%
The Penguin Dance
25%
Julian Fellowes
12%
Maryborough
9%

Score Distribution

Percentile by Number Answered

Percent of People with Each Score

Your Score History

You have not taken this quiz